000 00670nam a2200217Ii 4500
003 JO-AjNU
008 230606s9999||||xx |||||||||||||| ||und||
020 _a0-13-004391-5
040 _aJO-AjNU
_beng
_erda
_cJO-AjNU
041 _aeng
050 1 4 _aHF5635 .A76 1990
100 3 _aArnold,John / Hope, Tony,
_eauthor
_93458
245 0 0 _aAccounting for Management Decisions
250 _a2 ed
264 3 1 _aNew York : Prentice Hall,1990
300 _a412p
_bappendix(386-406), Includes indexes(pages407-412)
336 _atext
_btxt
_2rdacontent
337 _aunmediated
_bn
_2rdamedia
338 _avolume
_bnc
_2rdacarrier
650 4 _a Management Accounting
_93459
999 _aE1805
_c1805
_d1805